Migrácia a jej dopady na politické prostredie krajín Európskej únie

Narastanie migrácie obyvateľstva z chudobných častí sveta do krajín s rozvinutou demokraciou. Problematika moslimských menšín žijúcich v jednotlivých krajinách Európy sa stáva predmetom verejnej diskusie Európanov. Zvyšovanie podielu moslimského obyvateľstva na celkovom počte obyvateľov. Diskusie o...

ver descrição completa

Na minha lista:
Detalhes bibliográficos
Autor principal: Liďák, Ján
Formato: Capítulo de Livro
Idioma:eslovaco
Assuntos:
Tags: Adicionar Tag
Sem tags, seja o primeiro a adicionar uma tag!

MARC

LEADER 00000naa$a2200000$$$4500
001 0041384
005 20240502071510.7
041 0 |a slo 
044 |a SK 
245 1 0 |a Migrácia a jej dopady na politické prostredie krajín Európskej únie  |c Ján Liďák 
520 |a Narastanie migrácie obyvateľstva z chudobných častí sveta do krajín s rozvinutou demokraciou. Problematika moslimských menšín žijúcich v jednotlivých krajinách Európy sa stáva predmetom verejnej diskusie Európanov. Zvyšovanie podielu moslimského obyvateľstva na celkovom počte obyvateľov. Diskusie o potrebe budovania novej Európy, integrujúcej sa multikultúrnej. Diskusia o otázkach, či je možné spojiť islam s európskymi hodnotami, európskou identitou a či členovia moslimskej menšiny môžu byť lojálnymi občanmi Európy. 
610 2 0 |a imigrácia 
610 2 0 |a migrácia 
610 2 0 |a Európska únia 
610 2 0 |a menšiny národnostné 
610 2 0 |a demografia sociálna 
610 2 0 |a islam 
610 2 0 |a identita 
100 1 |a Liďák, Ján